<?xml version="1.0" encoding="UTF-8"?>
<record
    xmlns:xsi="http://www.w3.org/2001/XMLSchema-instance"
    xsi:schemaLocation="http://www.loc.gov/MARC21/slim http://www.loc.gov/standards/marcxml/schema/MARC21slim.xsd"
    xmlns="http://www.loc.gov/MARC21/slim">

  <leader>01278nam a2200313 a 4500</leader>
  <controlfield tag="008">110830s2010    mx a   f |||| 001 0 spa d</controlfield>
  <datafield tag="020" ind1=" " ind2=" ">
    <subfield code="a">9786071503053</subfield>
  </datafield>
  <datafield tag="041" ind1=" " ind2=" ">
    <subfield code="a">spa</subfield>
  </datafield>
  <datafield tag="092" ind1=" " ind2=" ">
    <subfield code="c">612</subfield>
    <subfield code="l">28</subfield>
    <subfield code="s">GAN</subfield>
  </datafield>
  <datafield tag="245" ind1=" " ind2=" ">
    <subfield code="a">Ganong. </subfield>
    <subfield code="b">Fisiolog&#xED;a M&#xE9;dica /</subfield>
    <subfield code="c">Kim E. Barrett</subfield>
  </datafield>
  <datafield tag="250" ind1=" " ind2=" ">
    <subfield code="a">23 ed. </subfield>
    <subfield code="b">Traducci&#xF3;n Martha Elena Araiza Mart&#xED;nez ; Ana Mar&#xED;a P&#xE9;rez Tamayo Ru&#xED;z ; Germ&#xE1;n Ar&#xED;as Rebatet ; Jos&#xE9; Luis Gonz&#xE1;lez Hern&#xE1;ndez y Jos&#xE9; Rafael Blengio Pinto</subfield>
  </datafield>
  <datafield tag="260" ind1=" " ind2=" ">
    <subfield code="a">M&#xE9;xico:</subfield>
    <subfield code="b">McGraw-Hill ; Lange;</subfield>
    <subfield code="c">2010.</subfield>
  </datafield>
  <datafield tag="300" ind1=" " ind2=" ">
    <subfield code="a">714 p.</subfield>
    <subfield code="b">600 ilustraciones</subfield>
  </datafield>
  <datafield tag="500" ind1=" " ind2=" ">
    <subfield code="a">Barrett, K. E. et al. (2010). Ganong. Fisiolog&#xED;a m&#xE9;dica. (23a ed.). M&#xE9;xico : McGraw-Hill ; Lange.</subfield>
  </datafield>
  <datafield tag="590" ind1=" " ind2=" ">
    <subfield code="a">Compra FACIMED, Agosto 2011</subfield>
  </datafield>
  <datafield tag="653" ind1=" " ind2=" ">
    <subfield code="a">Bases celulares y moleculares de la fisiolog&#xED;a m&#xE9;dica</subfield>
  </datafield>
  <datafield tag="653" ind1=" " ind2=" ">
    <subfield code="a">Fisiolog&#xED;a de las c&#xE9;lulas nerviosas</subfield>
  </datafield>
  <datafield tag="653" ind1=" " ind2=" ">
    <subfield code="a">Neurofisiolog&#xED;a central y perif&#xE9;rica</subfield>
  </datafield>
  <datafield tag="653" ind1=" " ind2=" ">
    <subfield code="a">Fisiolog&#xED;a endocrina y de la reproducci&#xF3;n</subfield>
  </datafield>
  <datafield tag="653" ind1=" " ind2=" ">
    <subfield code="a">Fisiolog&#xED;a gastrointestinal</subfield>
  </datafield>
  <datafield tag="653" ind1=" " ind2=" ">
    <subfield code="a">Fisiolog&#xED;a cardiovascular</subfield>
  </datafield>
  <datafield tag="653" ind1=" " ind2=" ">
    <subfield code="a">Fisiolog&#xED;a respiratoria</subfield>
  </datafield>
  <datafield tag="653" ind1=" " ind2=" ">
    <subfield code="a">Fisiolog&#xED;a renal</subfield>
  </datafield>
  <datafield tag="700" ind1="1" ind2=" ">
    <subfield code="a">Barrett, Kim E.</subfield>
    <subfield code="9">1233</subfield>
  </datafield>
  <datafield tag="700" ind1="1" ind2=" ">
    <subfield code="a">Barman, Susan M.</subfield>
    <subfield code="9">1234</subfield>
  </datafield>
  <datafield tag="700" ind1="1" ind2=" ">
    <subfield code="a">Boitano, Scott</subfield>
    <subfield code="9">1235</subfield>
  </datafield>
  <datafield tag="700" ind1="1" ind2=" ">
    <subfield code="a">Brooks, Heddwen L.</subfield>
    <subfield code="9">1236</subfield>
  </datafield>
  <datafield tag="942" ind1=" " ind2=" ">
    <subfield code="2">ddc</subfield>
    <subfield code="c">BK</subfield>
    <subfield code="0">3</subfield>
  </datafield>
  <datafield tag="999" ind1=" " ind2=" ">
    <subfield code="c">909</subfield>
    <subfield code="d">909</subfield>
  </datafield>
  <datafield tag="952" ind1=" " ind2=" ">
    <subfield code="0">0</subfield>
    <subfield code="1">0</subfield>
    <subfield code="2">ddc</subfield>
    <subfield code="4">0</subfield>
    <subfield code="7">0</subfield>
    <subfield code="8">REF</subfield>
    <subfield code="a">BFM</subfield>
    <subfield code="b">BFM</subfield>
    <subfield code="c">REF</subfield>
    <subfield code="d">2011-08-30</subfield>
    <subfield code="l">1</subfield>
    <subfield code="m">10</subfield>
    <subfield code="o">612 28 GAN</subfield>
    <subfield code="p">2440</subfield>
    <subfield code="q">2029-03-01</subfield>
    <subfield code="r">2014-11-06</subfield>
    <subfield code="s">2011-09-15</subfield>
    <subfield code="t">ej.15</subfield>
    <subfield code="w">2011-08-30</subfield>
    <subfield code="y">REF</subfield>
    <subfield code="z">LIBRO DE CATEDRA</subfield>
  </datafield>
  <datafield tag="952" ind1=" " ind2=" ">
    <subfield code="0">0</subfield>
    <subfield code="1">0</subfield>
    <subfield code="2">ddc</subfield>
    <subfield code="4">0</subfield>
    <subfield code="7">0</subfield>
    <subfield code="a">BFM</subfield>
    <subfield code="b">BFM</subfield>
    <subfield code="c">CR</subfield>
    <subfield code="d">2011-08-30</subfield>
    <subfield code="l">142</subfield>
    <subfield code="m">10</subfield>
    <subfield code="o">612 28 GAN</subfield>
    <subfield code="p">2441</subfield>
    <subfield code="r">2025-10-22</subfield>
    <subfield code="s">2025-10-20</subfield>
    <subfield code="t">ej.16</subfield>
    <subfield code="w">2011-08-30</subfield>
    <subfield code="y">BK</subfield>
    <subfield code="z">Sede Tordos.</subfield>
    <subfield code="f"></subfield>
  </datafield>
  <datafield tag="952" ind1=" " ind2=" ">
    <subfield code="0">0</subfield>
    <subfield code="1">0</subfield>
    <subfield code="2">ddc</subfield>
    <subfield code="4">0</subfield>
    <subfield code="7">0</subfield>
    <subfield code="a">BFM</subfield>
    <subfield code="b">BFM</subfield>
    <subfield code="c">CR</subfield>
    <subfield code="d">2011-08-30</subfield>
    <subfield code="l">131</subfield>
    <subfield code="m">10</subfield>
    <subfield code="o">612 28 GAN</subfield>
    <subfield code="p">2442</subfield>
    <subfield code="r">2024-08-06</subfield>
    <subfield code="s">2024-06-27</subfield>
    <subfield code="t">ej.17</subfield>
    <subfield code="w">2011-08-30</subfield>
    <subfield code="y">BK</subfield>
    <subfield code="z">Sede Tordos.</subfield>
    <subfield code="f"></subfield>
  </datafield>
  <datafield tag="952" ind1=" " ind2=" ">
    <subfield code="0">0</subfield>
    <subfield code="1">0</subfield>
    <subfield code="2">ddc</subfield>
    <subfield code="4">0</subfield>
    <subfield code="7">0</subfield>
    <subfield code="a">BFM</subfield>
    <subfield code="b">BFM</subfield>
    <subfield code="c">CR</subfield>
    <subfield code="d">2011-08-30</subfield>
    <subfield code="l">107</subfield>
    <subfield code="m">6</subfield>
    <subfield code="o">612 28 GAN</subfield>
    <subfield code="p">2443</subfield>
    <subfield code="r">2025-04-22</subfield>
    <subfield code="s">2025-04-11</subfield>
    <subfield code="t">ej.18</subfield>
    <subfield code="w">2011-08-30</subfield>
    <subfield code="y">BK</subfield>
    <subfield code="f"></subfield>
  </datafield>
  <datafield tag="952" ind1=" " ind2=" ">
    <subfield code="0">0</subfield>
    <subfield code="1">0</subfield>
    <subfield code="2">ddc</subfield>
    <subfield code="4">0</subfield>
    <subfield code="7">0</subfield>
    <subfield code="a">BFM</subfield>
    <subfield code="b">BFM</subfield>
    <subfield code="c">CR</subfield>
    <subfield code="d">2011-08-30</subfield>
    <subfield code="l">112</subfield>
    <subfield code="m">5</subfield>
    <subfield code="o">612 28 GAN</subfield>
    <subfield code="p">2444</subfield>
    <subfield code="r">2025-08-05</subfield>
    <subfield code="s">2025-06-27</subfield>
    <subfield code="t">ej.19</subfield>
    <subfield code="w">2011-08-30</subfield>
    <subfield code="y">BK</subfield>
    <subfield code="f"></subfield>
  </datafield>
  <datafield tag="952" ind1=" " ind2=" ">
    <subfield code="0">0</subfield>
    <subfield code="1">0</subfield>
    <subfield code="2">ddc</subfield>
    <subfield code="4">0</subfield>
    <subfield code="7">0</subfield>
    <subfield code="a">BFM</subfield>
    <subfield code="b">BFM</subfield>
    <subfield code="c">CR</subfield>
    <subfield code="d">2011-08-30</subfield>
    <subfield code="l">127</subfield>
    <subfield code="m">13</subfield>
    <subfield code="o">612 28 GAN</subfield>
    <subfield code="p">2445</subfield>
    <subfield code="r">2023-11-06</subfield>
    <subfield code="s">2023-10-31</subfield>
    <subfield code="t">ej.20</subfield>
    <subfield code="w">2011-08-30</subfield>
    <subfield code="y">BK</subfield>
    <subfield code="z">Sede Tordos.</subfield>
    <subfield code="f"></subfield>
  </datafield>
</record>
